Normal view
MARC view
- ديغول؛ ترجمة شرارة، عبد اللطيف؛ مراجعة عويدات، احمد
Entry Personal Name
001 - CONTROL NUMBER
- control field: 37434
003 - CONTROL NUMBER IDENTIFIER
- control field: JO-AjAnu
005 - DATE AND TIME OF LATEST TRANSACTION
- control field: 20230606080237.0
008 - FIXED-LENGTH DATA ELEMENTS
- fixed length control field: 230606|| aca||aabn | a|a d
040 ## - CATALOGING SOURCE
- Original cataloging agency: JO-AjAnu
- Transcribing agency: JO-AjAnu
100 ## - HEADING--PERSONAL NAME
- Personal name: ديغول؛ ترجمة شرارة، عبد اللطيف؛ مراجعة عويدات، احمد
670 ## - SOURCE DATA FOUND
- Source citation: Work cat.: (JO-AjAnu)19208: ديغول؛ ترجمة شرارة، عبد اللطيف؛ مراجعة عويدات، احمد, author, مذكرات الحرب 1940- 1942